| 000 | 00465nam a2200181Ia 4500 | ||
|---|---|---|---|
| 001 | 16305 | ||
| 005 | 20260306170259.0 | ||
| 008 | 260306t2010||||xx |||||||||||||| ||und|| | ||
| 041 | _aESP | ||
| 082 |
_a347.7L _bF18 |
||
| 100 |
_aFalconí Picardo, Marco _eAUT |
||
| 245 | 0 | _aEl sistema bancario en la legislación y jurisprudencia peruana | |
| 260 | _c2010 | ||
| 300 |
_a658 páginas : _c23 cm. |
||
| 650 | _aGEN | ||
| 654 | _aCAN | ||
| 942 |
_cLIB _dJUS _fJUS _2ddc _n |
||
| 999 |
_c16305 _d16305 |
||